| 000 | 00706nam a22002657a 4500 | ||
|---|---|---|---|
| 003 | CHAP | ||
| 005 | 20220329140309.0 | ||
| 008 | 971013s1963 r 00010 d | ||
| 010 | _a49967 | ||
| 011 | _a50939 | ||
| 035 | _a55089 | ||
| 040 | _cCHAP | ||
| 082 |
_a636.592 _bF45 |
||
| 100 | 0 | 0 |
_aFeltwell, Ray. _940025 |
| 245 | _aTurkey faming | ||
| 250 | _a2 ed. | ||
| 260 |
_aLondon : _bFaber and Faber, _c1963 |
||
| 300 |
_a339 p. _b: ilus. |
||
| 590 |
_aBATCH-UPD _b10 _c20130110 _lUCH01 _h0730 |
||
| 590 |
_aCONVERSION _b10 _c20130109 _lUCH01 _h1327 |
||
| 650 | 1 | 4 |
_aPavos. _986300 |
| 901 | _aBK | ||
| 942 | _cLIBRO | ||
| 949 |
_a636.592 F45 _bBC _cLIBRO _d33724002060819 _eLIBRO _h24692 _i55089 _si _t112.50 |
||
| 999 |
_c49967 _d49967 |
||